[Event "Women's Speed Chess Q4"]
[Site "chess.com INT"]
[Date "2020.06.21"]
[Round "6"]
[White "Foisor, Sabina-Francesca"]
[Black "Danielian, Elina"]
[Result "1-0"]
[WhiteTitle "WGM"]
[BlackTitle "GM"]
[WhiteElo "2228"]
[BlackElo "2407"]
[WhiteFideId "1212915"]
[BlackFideId "13300210"]
[EventDate "2020.06.21"]

1. d4 Nf6 2. c4 e6 3. Nf3 c5 4. d5 exd5 5. cxd5 Bd6 6. Nc3 Bc7 7. Bg5 d6 8. e4
O-O 9. Bd3 Nbd7 10. O-O a6 11. a4 Re8 12. Qc2 Nf8 13. Nd2 Rb8 14. Rae1 h6 15.
Bh4 Ng6 16. Bg3 Nh5 17. f4 Nxg3 18. hxg3 Nf8 19. Nf3 Bg4 20. Nh2 Bd7 21. Kh1 b5
22. axb5 axb5 23. Qf2 c4 24. Bb1 Bb6 25. Qf3 b4 26. Nd1 Bb5 27. Qh5 c3 28. Rf3
cxb2 29. Nxb2 Bd4 30. Nd1 Rc8 31. Ne3 Bc3 32. Rg1 Be2 33. Nf5 Bxf3 34. Nxf3 Qf6
35. Nh2 Rcd8 36. Ng4 Qg6 37. Qh3 Nh7 38. e5 dxe5 39. Nfxh6+ gxh6 40. Bxg6 fxg6
41. Qxh6 exf4 42. Qxg6+ Kh8 43. Nh6 Bg7 44. Nf7+ Kg8 45. Nh6+ Kh8 46. Nf5 Bc3
47. gxf4 Rxd5 48. Qxe8+ 1-0

[Event "Women's Speed Chess Q4"]
[Site "chess.com INT"]
[Date "2020.06.21"]
[Round "6"]
[White "Yakimova, Mariya"]
[Black "Divya, Deshmukh"]
[Result "1-0"]
[WhiteTitle "WFM"]
[BlackTitle "WIM"]
[WhiteElo "2269"]
[BlackElo "2305"]
[WhiteFideId "34188859"]
[BlackFideId "35006916"]
[EventDate "2020.06.21"]

1. d4 Nf6 2. c4 e6 3. g3 Bb4+ 4. Bd2 Qe7 5. Bg2 Nc6 6. Nf3 Bxd2+ 7. Nbxd2 d6 8.
O-O e5 9. d5 Nb8 10. e4 a5 11. Ne1 h5 12. h4 Nfd7 13. Ndf3 Nc5 14. Qc2 Bg4 15.
b3 f5 16. exf5 Rf8 17. Ng5 Bxf5 18. Qd2 Nbd7 19. Nc2 Nf6 20. Ne3 g6 21. Nxf5
gxf5 22. f4 e4 23. Qc3 Kd7 24. a3 Ng4 25. b4 Nd3 26. Ne6 Rg8 27. c5 c6 28. cxd6
Qxd6 29. Nc5+ Nxc5 30. bxc5 Qf6 31. dxc6+ bxc6 32. Rfd1+ Kc7 33. Qe1 Rgd8 34.
Rab1 Qe7 35. Qc3 Rd5 36. Rxd5 cxd5 37. c6 Kd6 38. Rb7 Qf6 39. Rd7+ Ke6 40. Qc5
Qa1+ 41. Bf1 Re8 42. Qd6# 1-0

[Event "Women's Speed Chess Q4"]
[Site "chess.com INT"]
[Date "2020.06.21"]
[Round "6"]
[White "Morris-Suzuki, Sophie"]
[Black "Toncheva, Nadya"]
[Result "1-0"]
[WhiteTitle "WFM"]
[BlackTitle "WFM"]
[WhiteElo "2043"]
[BlackElo "2064"]
[WhiteFideId "30922615"]
[BlackFideId "2924056"]
[EventDate "2020.06.21"]

1. e4 c5 2. Nf3 e6 3. d4 cxd4 4. Nxd4 Nf6 5. Nc3 a6 6. e5 Ng8 7. Bd3 Qc7 8. Qe2
Nc6 9. Nxc6 dxc6 10. O-O Bb4 11. Bf4 Ne7 12. Ne4 O-O 13. Qh5 Ng6 14. Bg3 Be7 15.
Nf6+ Bxf6 16. exf6 Qb6 17. fxg7 Rd8 18. Rad1 Rd5 19. Qh6 Qxb2 20. Be4 Bd7 21. c4
Rxd1 22. Rxd1 Be8 23. h4 Qxg7 24. Qe3 b5 25. h5 Nf8 26. Be5 f6 27. h6 Qf7 28.
Bf4 bxc4 29. Qg3+ Kh8 30. Bd6 Ng6 31. Bf3 Ra7 32. Bh5 Rb7 33. Qe3 Rb5 34. Bc5
Rb2 35. Bg4 Rxa2 36. Bd4 e5 37. Bc3 Ra4 38. Bf5 Ra3 39. Be4 Rb3 40. Qd2 Rb8 41.
Bc2 c5 42. Qd6 Rc8 43. Qxa6 Qc7 44. Qxf6+ Kg8 45. Bxg6 Bxg6 46. Bxe5 Qf7 47.
Qh8# 1-0

[Event "Women's Speed Chess Q4"]
[Site "chess.com INT"]
[Date "2020.06.21"]
[Round "6"]
[White "Shuvalova, Polina"]
[Black "Balabayeva, Xeniya"]
[Result "1/2-1/2"]
[WhiteTitle "WGM"]
[BlackTitle "WFM"]
[WhiteElo "2454"]
[BlackElo "2146"]
[WhiteFideId "24171760"]
[BlackFideId "13719688"]
[EventDate "2020.06.21"]

1. e4 e6 2. d4 d5 3. Nd2 c5 4. exd5 Qxd5 5. Ngf3 cxd4 6. Bc4 Qd6 7. O-O Nc6 8.
Nb3 Nf6 9. Nbxd4 Nxd4 10. Nxd4 a6 11. Re1 Qc7 12. Bf1 Bd6 13. Nf5 Bxh2+ 14. Kh1
O-O 15. Nxg7 Kxg7 16. Qd4 e5 17. Qh4 Ng4 18. Be2 Qd8 19. Qxd8 Rxd8 20. Bxg4 Bxg4
21. Kxh2 f6 22. Be3 Bf5 23. c3 Rd3 24. Rad1 Rad8 25. Rxd3 Rxd3 26. Kg3 b5 27. a3
Kf7 28. Ra1 Bd7 29. Kf3 Bc6+ 30. Ke2 Rd7 31. f3 Ke6 32. Rh1 Rg7 33. Kf2 Bd5 34.
Rd1 Rc7 35. Bb6 Rg7 36. Bd8 Rf7 37. Rd2 Rd7 38. Bb6 Rb7 39. Ba5 Rg7 40. Ke3 f5
41. Bb6 h5 42. Kf2 h4 43. Rd1 Rg8 44. Rh1 Rh8 45. Be3 Kf6 46. Bc1 f4 47. Bd2 Be6
48. Be1 h3 49. gxh3 Rxh3 50. Rxh3 Bxh3 51. Ke2 Be6 52. Bh4+ Kf5 53. Bd8 Bc4+ 54.
Kd2 e4 55. fxe4+ Kxe4 56. Bb6 Bb3 57. Ke2 Bc4+ 58. Kd2 Bb3 59. Ke2 Bc4+ 60. Kd2 1/2-1/2

[Event "Women's Speed Chess Q4"]
[Site "chess.com INT"]
[Date "2020.06.21"]
[Round "6"]
[White "Narva, Mai"]
[Black "Linares Napoles, Oleiny"]
[Result "1-0"]
[WhiteTitle "WIM"]
[BlackTitle "WGM"]
[WhiteElo "2333"]
[BlackElo "2215"]
[WhiteFideId "4500512"]
[BlackFideId "3504794"]
[EventDate "2020.06.21"]

1. e4 d6 2. Nc3 Nf6 3. d4 g6 4. f4 Bg7 5. Nf3 c5 6. d5 O-O 7. Bd3 Bg4 8. O-O Na6
9. Be3 Nb4 10. Be2 Rc8 11. a3 Na6 12. Bc4 Nc7 13. Qd3 Rb8 14. a4 b6 15. Rae1 Qc8
16. Nb5 Qb7 17. Bd2 Rfd8 18. Bc3 Bxf3 19. Qxf3 Rd7 20. Nxc7 Rxc7 21. e5 Ne8 22.
Bb5 a6 23. Bxe8 Rxe8 24. exd6 Bxc3 25. Qxc3 Rd7 26. dxe7 Qxd5 27. Rd1 Qc6 28.
Rxd7 Qxd7 29. Qf6 Qxe7 30. Qxb6 Qe3+ 31. Kh1 Qe2 32. Rg1 Qxc2 33. h3 Re2 34.
Qxa6 Qxb2 35. Qc8+ Kg7 36. Qxc5 Rc2 37. Qd5 Rd2 38. Qf3 Rd4 39. a5 Ra4 40. Qd5
Qa3 41. Re1 Rxa5 42. Qd4+ Kh6 43. Qd8 1-0

[Event "Women's Speed Chess Q4"]
[Site "chess.com INT"]
[Date "2020.06.21"]
[Round "6"]
[White "Nurmanova, Alua"]
[Black "Gunina, Valentina"]
[Result "0-1"]
[WhiteTitle "WFM"]
[BlackTitle "GM"]
[WhiteElo "2026"]
[BlackElo "2431"]
[WhiteFideId "13729390"]
[BlackFideId "4167570"]
[EventDate "2020.06.21"]

1. e4 c6 2. d4 d5 3. e5 c5 4. c3 Nc6 5. dxc5 Nxe5 6. Bf4 Nc6 7. Nf3 Nf6 8. Bb5
Bd7 9. O-O g6 10. Re1 Bg7 11. Bd6 e6 12. Nbd2 Bf8 13. Bxf8 Kxf8 14. Nb3 Ne7 15.
Bxd7 Qxd7 16. Qd4 Kg7 17. Ne5 Qc7 18. Ng4 Ng8 19. f4 Qe7 20. Nd2 h5 21. Nxf6
Qxf6 22. Nf3 Rc8 23. b4 Ne7 24. Ne5 Nf5 25. Qd2 Rhd8 26. Rad1 d4 27. cxd4 Rxd4
28. Qc3 Rcd8 29. Rxd4 Nxd4 30. g3 Kh7 31. Kf2 g5 32. Re4 gxf4 33. gxf4 Nf5 34.
Qh3 h4 35. Nf3 Qb2+ 36. Re2 Qxb4 37. Qg4 Qxc5+ 38. Ke1 f6 39. Qh5+ Kg7 40. Qg4+
Kf8 41. Qg6 Qc3+ 42. Kf2 Rd3 43. Nxh4 Qd4+ 44. Kf1 Rd1+ 45. Re1 Qxf4+ 46. Ke2
Rxe1+ 47. Kxe1 Qxh4+ 48. Kd2 Qxh2+ 49. Kc3 Qe5+ 50. Kb3 Ke7 51. Qh7+ Kd6 52. Qh3
Qg3+ 53. Qxg3+ Nxg3 54. Kc4 f5 0-1

[Event "Women's Speed Chess Q4"]
[Site "chess.com INT"]
[Date "2020.06.21"]
[Round "6"]
[White "Sihite, Chelsie Monica Ignesias"]
[Black "Assaubayeva, Bibisara"]
[Result "1/2-1/2"]
[WhiteTitle "WIM"]
[BlackTitle "FM"]
[WhiteElo "2252"]
[BlackElo "2364"]
[WhiteFideId "7101198"]
[BlackFideId "13708694"]
[EventDate "2020.06.21"]

1. c4 Nf6 2. Nf3 g6 3. Nc3 Bg7 4. g3 O-O 5. Bg2 d6 6. O-O c6 7. d4 Bf5 8. Nh4
Be6 9. b3 Qc8 10. e4 Bh3 11. f4 Bxg2 12. Kxg2 e5 13. fxe5 dxe5 14. d5 cxd5 15.
Nxd5 Nxd5 16. exd5 e4 17. Rb1 f5 18. Bb2 Bxb2 19. Rxb2 g5 20. Nxf5 Rxf5 21. Rxf5
Qxf5 22. Rf2 Qe5 23. Qh5 Qe7 24. d6 Qxd6 25. Qf7+ Kh8 26. Qxb7 e3 27. Rf3 Qc6
28. Qe7 Nd7 29. Qxe3 Rf8 30. Kf2 Rxf3+ 31. Qxf3 Qxf3+ 32. Kxf3 Kg7 33. Ke4 Kf6
34. Kd5 Ke7 35. Kc6 Ne5+ 36. Kb7 Kd6 37. Kxa7 Kc5 38. Ka6 g4 39. a3 Nf3 40. b4+
Kxc4 41. b5 Ne5 42. b6 Kc5 43. a4 Nc6 44. a5 h6 45. b7 h5 46. b8=Q Nxb8+ 47. Kb7
Nc6 48. a6 Kb5 49. Kc7 Na7 50. Kb7 Nc6 51. Kc7 Na7 52. Kb7 Nc6 1/2-1/2

[Event "Women's Speed Chess Q4"]
[Site "chess.com INT"]
[Date "2020.06.21"]
[Round "6"]
[White "Sukandar, Irine Kharisma"]
[Black "Papp, Petra"]
[Result "0-1"]
[WhiteTitle "IM"]
[BlackTitle "WGM"]
[WhiteElo "2413"]
[BlackElo "2338"]
[WhiteFideId "7101937"]
[BlackFideId "739049"]
[EventDate "2020.06.21"]

1. d4 Nf6 2. Bf4 g6 3. Nc3 d5 4. e3 Bg7 5. h4 a6 6. Be2 h6 7. Nf3 c5 8. Ne5 Nc6
9. Qd2 h5 10. f3 Bf5 11. a3 Rc8 12. O-O-O cxd4 13. exd4 Na5 14. Bd3 Bxd3 15.
Qxd3 b5 16. g4 e6 17. g5 Ng8 18. Nxb5 Ne7 19. Nc3 O-O 20. Qxa6 Nc4 21. Nxc4 Rxc4
22. Qd6 Qe8 23. Be5 Nf5 24. Qa6 Nxd4 25. Rxd4 Rxd4 26. Bxd4 Bxd4 27. Ne2 Bg7 28.
Rd1 Qb8 29. c3 Qe5 30. Qd3 Rb8 31. Kb1 Qh2 32. Qd2 Qxh4 33. Nd4 Qg3 34. a4 h4
35. a5 h3 36. Qe1 Qc7 37. a6 h2 38. Qe2 e5 39. Nc2 d4 40. cxd4 Qb6 41. Qf2 Qxb2# 0-1

[Event "Women's Speed Chess Q4"]
[Site "chess.com INT"]
[Date "2020.06.21"]
[Round "6"]
[White "Munkhzul, Davaakhuu"]
[Black "Gevorgyan, Maria"]
[Result "0-1"]
[WhiteTitle "WFM"]
[BlackTitle "WGM"]
[WhiteElo "1991"]
[BlackElo "2228"]
[WhiteFideId "4902815"]
[BlackFideId "13300270"]
[EventDate "2020.06.21"]

1. e4 c5 2. Nf3 Nc6 3. d4 cxd4 4. Nxd4 g6 5. c4 Nf6 6. Nc3 Nxd4 7. Qxd4 d6 8.
Be3 Bg7 9. Be2 O-O 10. Qd2 a5 11. O-O a4 12. f3 Qa5 13. Kh1 Be6 14. Rac1 Rfc8
15. Nd5 Qxd2 16. Bxd2 Nxd5 17. cxd5 Bd7 18. Bc3 Bh6 19. f4 e6 20. Bg4 Rc4 21.
dxe6 Bxe6 22. Bxe6 fxe6 23. Rcd1 Ra6 24. Rd4 Rac6 25. g3 a3 26. Rxc4 Rxc4 27.
Re1 b5 28. Bf6 Kf7 29. Bh8 Rc2 30. bxa3 Rxa2 31. Rb1 Rxa3 32. Rxb5 g5 33. fxg5
Bf8 34. Bb2 Re3 35. Rb4 Be7 36. Rb7 e5 37. Kg2 Rxe4 38. Kf3 Rc4 39. h4 Ke6 40.
Ke3 d5 41. Rb6+ Kf5 42. Kf3 e4+ 43. Ke2 Kg4 44. Rb7 Bd6 45. Rxh7 Rc2+ 46. Kd1
Rxb2 47. Rd7 Bxg3 48. Rxd5 Kf3 49. Rf5+ Ke3 50. Rf8 Bxh4 51. g6 Rg2 52. Rg8 Kd3
53. Kc1 Bf6 54. Re8 Rg1# 0-1

[Event "Women's Speed Chess Q4"]
[Site "chess.com INT"]
[Date "2020.06.21"]
[Round "6"]
[White "Karnaukhova, Elmira"]
[Black "Kairbekova, Amina"]
[Result "1-0"]
[WhiteTitle "WGM"]
[BlackTitle "WFM"]
[WhiteElo "2319"]
[BlackElo "2065"]
[WhiteFideId "4148827"]
[BlackFideId "13712799"]
[EventDate "2020.06.21"]

1. d4 Nf6 2. c4 g6 3. Nc3 Bg7 4. e4 O-O 5. h3 d6 6. Bg5 c6 7. Bd3 a6 8. a4 Qa5
9. Qd2 b5 10. Nge2 b4 11. Nd1 Nbd7 12. Bh6 e5 13. O-O exd4 14. Bxg7 Kxg7 15.
Nxd4 Nc5 16. Nxc6 Qb6 17. Nxb4 Nb3 18. Qc3 Nxa1 19. Nd5 Qd8 20. N1e3 Nb3 21.
Qxb3 Nxd5 22. Nxd5 Be6 23. Qc3+ f6 24. b4 Rc8 25. Ne3 Qd7 26. a5 Qf7 27. Qd4 Rc7
28. Rc1 Rfc8 29. Be2 Kg8 30. Kh2 Rc6 31. Kg1 f5 32. exf5 gxf5 33. Bf3 R6c7 34.
Qxd6 Rd7 35. Qxa6 Rcd8 36. Bd5 Rd6 37. Qb5 f4 38. Bxe6 Qxe6 39. Nd5 Qe5 40. Rd1
f3 41. Qb7 Qg5 42. g3 Qg6 43. Ne7+ 1-0

[Event "Women's Speed Chess Q4"]
[Site "chess.com INT"]
[Date "2020.06.21"]
[Round "6"]
[White "Vifleemskaia, Svetlana"]
[Black "Nikulina, Alena"]
[Result "1-0"]
[WhiteTitle "WFM"]
[BlackTitle "WFM"]
[WhiteElo "1943"]
[BlackElo "1887"]
[WhiteFideId "4129490"]
[BlackFideId "4172051"]
[EventDate "2020.06.21"]

1. d4 Nf6 2. c4 e6 3. Nc3 b6 4. a3 Bb7 5. Qc2 d5 6. cxd5 exd5 7. Nf3 Nbd7 8. Bg5
Be7 9. e3 O-O 10. Bd3 h6 11. Bh4 Re8 12. O-O Ne4 13. Bxe7 Qxe7 14. b4 Rac8 15.
Bxe4 dxe4 16. Nd2 f5 17. Qb3+ Kh7 18. b5 c5 19. d5 Ne5 20. Nc4 Nxc4 21. Qxc4
Rcd8 22. Rad1 Qe5 23. a4 Rd6 24. Rd2 Red8 25. Rfd1 Rg6 26. Ne2 Rgd6 27. Nc3 g5
28. a5 R8d7 29. g3 Re7 30. axb6 axb6 31. Ra2 f4 32. Ra4 fxe3 33. fxe3 Red7 34.
Qxe4+ Qxe4 35. Nxe4 Rxd5 36. Nf6+ Kg6 37. Nxd5 Rxd5 38. Rxd5 Bxd5 39. Kf2 Kf5
40. h3 Ke5 41. Ke2 c4 42. h4 Kd6 43. hxg5 hxg5 44. e4 Be6 45. Ra8 Kc5 46. Ke3
Kxb5 47. Re8 Bd7 48. Re5+ Kb4 49. Rxg5 b5 50. Rd5 Bc6 51. Rd6 Bb7 52. e5 c3 53.
e6 c2 54. Kd2 Be4 55. e7 Kc5 56. Rd8 Bg6 57. e8=Q Bxe8 58. Rxe8 b4 59. Kxc2 1-0

[Event "Women's Speed Chess Q4"]
[Site "chess.com INT"]
[Date "2020.06.21"]
[Round "6"]
[White "Hryzlova, Sofiia"]
[Black "Hernandez Bonilla, Amelia"]
[Result "0-1"]
[BlackTitle "WFM"]
[WhiteElo "1940"]
[BlackElo "2016"]
[WhiteFideId "14174669"]
[BlackFideId "3900193"]
[EventDate "2020.06.21"]

1. c4 e5 2. g3 Nc6 3. Bg2 d6 4. Nf3 g6 5. O-O Bg7 6. d3 Nge7 7. Nc3 O-O 8. Rb1
a5 9. a3 f5 10. Ne1 Be6 11. f4 d5 12. cxd5 Nxd5 13. Nxd5 Bxd5 14. e4 fxe4 15.
dxe4 Bc4 16. Qxd8 Rfxd8 17. Rf3 Nd4 18. Re3 exf4 19. gxf4 Nb3 20. Rxb3 Bxb3 21.
Be3 Bd4 22. Kf2 a4 23. Nf3 Bxe3+ 24. Kxe3 Rd7 25. Rc1 c6 26. Bh3 Rd1 27. Be6+
Kg7 28. Rxd1 Bxd1 29. Ne5 Re8 30. Bc4 g5 31. Nd7 gxf4+ 32. Kxf4 Rd8 33. Be6 Bb3
34. Bf5 Bf7 35. Ke5 Bg6 36. Be6 Re8 37. Kd6 Bxe4 38. Nc5 Bd5 39. Bd7 Re2 40.
Nxa4 Rxh2 41. Kc7 Bb3 42. Nc5 Rxb2 43. Nxb7 Bd5 44. Nd6 c5 45. Nf5+ Kf6 46. Kd6
Be4 47. Ne3 Rd2+ 48. Kc7 Rd3 49. Ng4+ Kg5 50. Ne5 Rxa3 51. Kd6 h5 52. Kxc5 Bf5
53. Bc6 Kf4 54. Kd4 h4 0-1

[Event "Women's Speed Chess Q4"]
[Site "chess.com INT"]
[Date "2020.06.21"]
[Round "6"]
[White "Arakhamia-Grant, Ketevan"]
[Black "Khotenashvili, Bela"]
[Result "1-0"]
[WhiteTitle "GM"]
[BlackTitle "GM"]
[WhiteElo "2380"]
[BlackElo "2458"]
[WhiteFideId "13600168"]
[BlackFideId "13602640"]
[EventDate "2020.06.21"]

1. e4 c6 2. d4 g6 3. Nc3 d5 4. Nf3 Bg7 5. h3 Nh6 6. Bd3 O-O 7. O-O f6 8. e5 Nf7
9. Re1 Na6 10. a3 Nc7 11. Bf4 Ne6 12. Bh2 b6 13. Ne2 fxe5 14. dxe5 c5 15. c3 Bb7
16. h4 d4 17. Bc4 Bxf3 18. Bxe6 Bd5 19. Bxd5 Qxd5 20. cxd4 Rad8 21. Nf4 Qxd4 22.
Qxd4 Rxd4 23. Ne6 Rxh4 24. Nxf8 Kxf8 25. Rad1 Ke8 26. e6 Nd8 27. Rd7 Bxb2 28.
Rxa7 Bc3 29. Re3 Bd4 30. Re2 Rh5 31. Bc7 b5 32. Ra8 Rd5 33. Rb8 c4 34. Bxd8 Rxd8
35. Rxb5 c3 36. Rc2 Kf8 37. Rb7 Ra8 38. Rb4 Be5 39. a4 Kg7 40. f4 Bf6 41. g4 h6
42. Kg2 Ra6 43. Re4 Rb6 44. Kf3 Rb1 45. Ke2 Rg1 46. f5 gxf5 47. gxf5 h5 48. Kd3
Ra1 49. Rxc3 Bxc3 50. Kxc3 Kf6 51. Rf4 Kg5 52. f6 exf6 53. Re4 Rc1+ 54. Kb4 Rc8
55. e7 Re8 56. a5 f5 57. Re1 f4 58. Kc5 f3 59. Kd6 Kg4 60. Kd7 f2 61. Ra1 Ra8
62. e8=Q Rxe8 63. Kxe8 1-0

[Event "Women's Speed Chess Q4"]
[Site "chess.com INT"]
[Date "2020.06.21"]
[Round "6"]
[White "Mammadova, Gulnar"]
[Black "Tarasenka, Aliaksandra"]
[Result "1-0"]
[WhiteTitle "IM"]
[BlackTitle "WFM"]
[WhiteElo "2382"]
[BlackElo "2070"]
[WhiteFideId "13403508"]
[BlackFideId "13514288"]
[EventDate "2020.06.21"]

1. e4 c5 2. Nf3 Nc6 3. b3 g6 4. Bb2 Nf6 5. e5 Nd5 6. e6 f6 7. exd7+ Bxd7 8. Bc4
Nb6 9. Bd3 Bg7 10. O-O O-O 11. a4 a5 12. Nc3 e5 13. Ba3 Nb4 14. Bb5 f5 15. d3 e4
16. d4 exf3 17. Qxf3 cxd4 18. Bxb4 axb4 19. Bxd7 Qxd7 20. Nb5 Qc6 21. Qd3 Rac8
22. Rac1 Qe4 23. Qd2 Rc6 24. Rfe1 Qh4 25. Qxb4 Nd5 26. Qa5 Nf4 27. g3 Qg4 28.
Qd2 Bh6 29. Qxd4 Ne2+ 30. Rxe2 Qxe2 31. Rf1 Bg7 32. Qd5+ Qe6 33. Qd3 Qe4 34. Qd7
Rxc2 35. Nd6 Qd5 36. Qe7 Rd2 37. Nc4 Rd3 38. Ne3 Qf7 39. Qc5 Rxb3 40. Rd1 Rc3
41. Qb5 h6 42. Rd7 Qf6 43. Qxb7 Rc1+ 44. Kg2 Rf7 45. Nd5 Qe6 46. Rxf7 Qxf7 47.
Ne7+ Kh7 48. Qd7 g5 49. Qd6 f4 50. Nd5 Qg6 51. Qd7 Qe4+ 52. Kh3 f3 53. Nf6+ Kg6
54. Nxe4 Rc4 55. Qe6+ 1-0

[Event "Women's Speed Chess Q4"]
[Site "chess.com INT"]
[Date "2020.06.21"]
[Round "6"]
[White "Bartel, Marta"]
[Black "Zhukova, Natalia"]
[Result "1-0"]
[WhiteTitle "WGM"]
[BlackTitle "GM"]
[WhiteElo "2192"]
[BlackElo "2328"]
[WhiteFideId "1123009"]
[BlackFideId "14101513"]
[EventDate "2020.06.21"]

1. d4 Nf6 2. Nf3 d5 3. Bf4 e6 4. e3 Bd6 5. Bg3 O-O 6. Bd3 c5 7. c3 Qc7 8. O-O
Nbd7 9. Nbd2 Bxg3 10. hxg3 e5 11. dxe5 Nxe5 12. Nxe5 Qxe5 13. Nf3 Qe7 14. Nh4
Ne4 15. Qc2 Re8 16. Rad1 h6 17. c4 dxc4 18. Bxe4 Qxe4 19. Qxe4 Rxe4 20. Rd8+ Kh7
21. Rfd1 b6 22. Rf8 Bg4 23. Rxa8 Bxd1 24. Rxa7 Bh5 25. Rb7 Re6 26. Nf5 Bg6 27.
g4 h5 28. Ne7 Be4 29. Rc7 hxg4 30. Nc8 Bb1 31. a3 Be4 32. Rxf7 b5 33. Rc7 Re5
34. Nd6 b4 35. Nxe4 Rxe4 36. Rxc5 c3 37. bxc3 bxa3 38. Ra5 g3 39. Rxa3 gxf2+ 40.
Kxf2 Re7 41. Kf3 Rd7 42. e4 Rd1 43. Ke3 Kg6 44. Ra6+ Kf7 45. Kf4 Rf1+ 46. Ke5
Rg1 47. c4 Rxg2 48. c5 Rc2 49. Kd5 g5 50. Ra7+ Kg6 51. c6 g4 52. Ra8 Kg5 53.
Rg8+ Kf4 54. Rf8+ Ke3 55. e5 g3 56. Rg8 Kf3 57. Kd6 g2 58. c7 1-0

[Event "Women's Speed Chess Q4"]
[Site "chess.com INT"]
[Date "2020.06.21"]
[Round "6"]
[White "Kanyamarala, Trisha"]
[Black "Khalafova, Narmin"]
[Result "1/2-1/2"]
[WhiteTitle "WIM"]
[BlackTitle "WGM"]
[WhiteElo "2193"]
[BlackElo "2279"]
[WhiteFideId "45004722"]
[BlackFideId "13402625"]
[EventDate "2020.06.21"]

1. d4 g6 2. g3 Bg7 3. Bg2 d6 4. Nf3 f5 5. O-O Nf6 6. b3 O-O 7. Bb2 c6 8. Nbd2
Nbd7 9. c4 Qe8 10. Ba3 c5 11. b4 cxd4 12. Nxd4 e5 13. Nb5 Qe7 14. Nb3 Ne8 15. c5
dxc5 16. bxc5 Qf6 17. c6 bxc6 18. Bxf8 Bxf8 19. Rc1 e4 20. N5d4 c5 21. Nb5 Qe5
22. f4 Qe6 23. g4 fxg4 24. Qc2 Bb7 25. e3 Rb8 26. Rfd1 Nef6 27. Bf1 Kh8 28. Bc4
Qf5 29. Nd6 Bxd6 30. Rxd6 Kg7 31. Be6 Qh5 32. Bxd7 Rd8 33. Rcd1 Kh6 34. Rxf6 g3
35. Qg2 Qxd1+ 36. Qf1 Qxd7 37. Qh3+ Kg7 38. Qxd7+ Rxd7 39. Re6 Rd1+ 40. Kg2 gxh2
41. Kxh2 Rb1 42. Re7+ Kf6 43. Rxb7 c4 44. Nc5 Rxb7 45. Nxb7 c3 46. Nc5 c2 47.
Nb3 a5 48. Nc1 Ke6 49. Kg2 a4 50. Kf2 Kd5 51. Ke2 Kc4 52. Kd2 h5 53. Kxc2 h4 54.
Ne2 h3 55. Ng3 h2 56. Nh1 a3 57. Kd2 Kb4 58. Ng3 Kc4 59. Nh1 Kb4 60. Kc2 Kc4 61.
Ng3 Kb4 62. Nh1 Kc4 1/2-1/2

[Event "Women's Speed Chess Q4"]
[Site "chess.com INT"]
[Date "2020.06.21"]
[Round "6"]
[White "Andriasyan, Siranush"]
[Black "Hng, Mei-En Emmanuelle"]
[Result "1/2-1/2"]
[WhiteTitle "WIM"]
[BlackTitle "WFM"]
[WhiteElo "2298"]
[BlackElo "2029"]
[WhiteFideId "13301926"]
[BlackFideId "5804566"]
[EventDate "2020.06.21"]

1. e4 c5 2. Nf3 e6 3. d4 cxd4 4. Nxd4 a6 5. Nc3 Qc7 6. g3 Nc6 7. Bg2 Nf6 8. O-O
Be7 9. Be3 O-O 10. f4 d6 11. Qe2 Nxd4 12. Bxd4 e5 13. Be3 Be6 14. Nd5 Bxd5 15.
exd5 Rac8 16. c3 Rfe8 17. Rad1 Nd7 18. Be4 Bf6 19. f5 Nc5 20. Bxc5 Qxc5+ 21. Kg2
b5 22. a3 a5 23. g4 b4 24. axb4 axb4 25. Rd3 bxc3 26. Rxc3 Qb4 27. Rfc1 Rb8 28.
R1c2 Bd8 29. Rc8 Bb6 30. Rxe8+ Rxe8 31. f6 Qd4 32. fxg7 Bc5 33. Qf3 Rb8 34. Qf5
Qg1+ 35. Kh3 Rb3+ 36. Rc3 Rxc3+ 37. bxc3 Qe3+ 38. Kh4 Qh6+ 39. Kg3 Kxg7 40. g5
Qh5 41. Qf6+ Kg8 42. Qd8+ Kg7 43. Qf6+ Kg8 44. h4 Qe2 45. Qd8+ Kg7 46. Qf6+ Kf8
47. Qd8+ Kg7 48. Qf6+ Kf8 49. Qh8+ Ke7 50. Qf6+ Ke8 51. Bf3 Qe1+ 52. Kg4 Qxc3
53. Kh5 Qe1 54. Bg4 Qe4 55. Qh8+ Ke7 56. Qf6+ Ke8 57. Qh8+ Ke7 58. Qf6+ Ke8 1/2-1/2

[Event "Women's Speed Chess Q4"]
[Site "chess.com INT"]
[Date "2020.06.21"]
[Round "6"]
[White "Protopopova, Anastasiya"]
[Black "Cori T., Deysi"]
[Result "1/2-1/2"]
[WhiteTitle "WFM"]
[BlackTitle "WGM"]
[WhiteElo "2192"]
[BlackElo "2388"]
[WhiteFideId "24172073"]
[BlackFideId "3801934"]
[EventDate "2020.06.21"]

1. d4 Nf6 2. c4 e6 3. g3 Bb4+ 4. Bd2 Qe7 5. Bg2 O-O 6. e3 Nc6 7. Ne2 e5 8. d5
Na5 9. a3 Bxd2+ 10. Nxd2 c5 11. O-O Rb8 12. Qa4 b6 13. b4 Nb7 14. Qxa7 d6 15.
Qxb8 Bg4 16. Qa7 Bxe2 17. Rfc1 e4 18. Qxb6 h5 19. Re1 Bd3 20. b5 h4 21. a4 Ng4
22. Nf1 hxg3 23. hxg3 Qf6 24. Ra2 Qc3 25. Rea1 Na5 26. Qxd6 Nb3 27. Rd1 Bxc4 28.
Nd2 Nxe3 29. fxe3 Qxe3+ 30. Kh2 Qe2 31. Nxc4 Qh5+ 32. Bh3 Qxd1 33. Ne3 Qe1 34.
Qf4 Nd4 35. Rf2 Ne2 36. Rf1 Qd2 37. Qf2 Qd3 38. Rd1 Qc3 39. Qxe2 g6 40. d6 Kg7
41. d7 Qf6 42. Qd2 Rd8 43. Rc1 Qf3 44. Rf1 Qh5 45. Qd1 Qg5 46. Qa1+ Kg8 47. Qc3
Qe7 48. Ng4 f5 49. Nh6+ Kh7 50. Qc4 Kxh6 51. Qc1+ Kh7 52. Rd1 Rxd7 53. Rxd7 Qxd7
54. Qxc5 Qd2+ 55. Bg2 Qh6+ 56. Kg1 Qd2 57. Qc7+ Kg8 58. Qc8+ Kg7 59. Qc7+ Kg8
60. Qb8+ Kg7 61. Qc7+ Kg8 1/2-1/2

[Event "Women's Speed Chess Q4"]
[Site "chess.com INT"]
[Date "2020.06.21"]
[Round "6"]
[White "Soumya, Swaminathan"]
[Black "Shafigullina, Zarina"]
[Result "0-1"]
[WhiteTitle "IM"]
[BlackTitle "WFM"]
[WhiteElo "2351"]
[BlackElo "2296"]
[WhiteFideId "5016193"]
[BlackFideId "24174220"]
[EventDate "2020.06.21"]

1. Nf3 Nf6 2. c4 c5 3. Nc3 e6 4. g3 b6 5. Bg2 Bb7 6. O-O Be7 7. b3 O-O 8. Bb2 d6
9. d3 Nbd7 10. a3 Ne8 11. Rb1 Bf6 12. b4 Nc7 13. Qd2 Rb8 14. e3 d5 15. cxd5 Nxd5
16. e4 Nxc3 17. Bxc3 Bxc3 18. Qxc3 cxb4 19. axb4 a6 20. Rbc1 Rc8 21. Qb2 b5 22.
Nd2 Nb6 23. d4 Qd7 24. Nb3 Na4 25. Qd2 Rfd8 26. Rfd1 Rc4 27. Qe1 Qe7 28. Na5
Rcxd4 29. Rxd4 Rxd4 30. Nxb7 Qxb7 31. e5 Qe7 32. Rc6 g6 33. Rxa6 Qxb4 34. Qc1
Kg7 35. h4 h5 36. Qg5 Qb1+ 37. Bf1 Qf5 38. Qxf5 gxf5 39. Bxb5 Nc3 40. Bf1 Re4
41. Ra5 Nd5 42. f4 Ne3 43. Bd3 Rd4 44. Be2 Ng4 45. Kg2 Rd2 46. Kf1 Rb2 47. Bxg4
hxg4 48. Ra3 Kg6 49. Re3 Rc2 50. Re2 Rc3 51. Kf2 Rc1 52. Rb2 Rc3 53. Rd2 Rf3+
54. Kg2 f6 55. Ra2 fxe5 56. fxe5 Re3 57. Ra5 Re2+ 0-1